MARC
| LEADER | 00000cam a2200000 7i4500 | ||
|---|---|---|---|
| 001 | 0000001655 | ||
| 005 | 20240909.0 | ||
| 040 | |a INS | ||
| 090 | 0 | 0 | |a RKF5935.55.E8 |b .A964 1981 |
| 100 | 1 | |a Awther Singh | |
| 245 | 1 | 0 | |a Singh's Malaysian status vol. 1 Taxation status |c Awther Singh |
| 260 | |a Singapore , |c Quins , |c 1981 | ||
| 650 | 0 | 0 | |a Taxation |x Law |x Malaysian |
| 999 | |a 0000001506 |b BOOK |c Reference |e Default branch | ||